00574 2200217 4500001002100000005001500021035002000036007000300056008004100059020002200100082001100122084001700133100001500150245006400165250001000229260004300239300002400282650002800306990001000334990001200344INLIS00000000000106420180129030929 a0010-1117000146ta180129 f 0 ind  a978-602-03-0203-0 a297.77 a297.77 MAL 50 aMalahayati1 a50 Permainan Yang Di Sukai Anak Muslim /cMalahayati, S.Psi aCet.1 aJakarta :bGramediaPustakaUtama,c2014 a186hlm ;c15,5x23cm aanak muslim agama islam a15129 a15129 a